[Event "Robecchetto op "]
[Site "Robecchetto"]
[Date "2012.12.20"]
[Round "3"]
[White "Volpe, Antonio"]
[Black "Sigismondi, Piero"]
[Result "1/2-1/2"]
[WhiteElo "1727"]
[BlackElo "1416"]
[PlyCount "67"]
[EventDate "2012.12.06"]
[EventType "swiss"]
[EventRounds "6"]
[EventCountry "ITA"]
[SourceTitle "EXT 2024"]
[Source "ChessBase"]
[SourceDate "2023.10.10"]
[SourceVersion "1"]
[SourceVersionDate "2023.10.10"]
[SourceQuality "1"]

1. e4 e5 2. f4 d5 3. Nf3 Bg4 4. Be2 exf4 5. exd5 Bxf3 6. Bxf3 Qh4+ 7. Ke2 Bd6 8. c4 Nd7 9. d4 b6 10. Nc3 a6 11. Kd3 Ne7 12. Qe1 Qf6 13. Ne4 Qg6 14. h4 h5 15. b4 c5 16. Bb2 Rb8 17. a3 0-0 18. Rg1 Rfe8 19. Qe2 Nf6 20. Kd2 Nxe4+ 21. Bxe4 Nf5 22. Qd3 Qg3 23. Bxf5 Qf2+ 24. Kc3 Re3 25. g4 Rxd3+ 26. Bxd3 cxd4+ 27. Kb3 Rd8 28. Rac1 Qd2 29. Rcd1 Qh2 30. Bxd4 Qxh4 31. gxh5 Qxh5 32. Bxg7 Qxd1+ 33. Rxd1 Kxg7 34. Rg1+ 1/2-1/2

[Event "Robecchetto Autumn op 9th"]
[Site "Robecchetto"]
[Date "2012.10.11"]
[Round "2"]
[White "Testa, Loris"]
[Black "Sigismondi, Piero"]
[Result "1-0"]
[WhiteElo "1909"]
[BlackElo "1416"]
[PlyCount "45"]
[EventDate "2012.10.04"]
[EventType "swiss"]
[EventRounds "7"]
[EventCountry "ITA"]
[SourceTitle "EXT 2024"]
[Source "ChessBase"]
[SourceDate "2023.10.10"]
[SourceVersion "1"]
[SourceVersionDate "2023.10.10"]
[SourceQuality "1"]

1. g4 d5 2. Bg2 Bxg4 3. c4 Nf6 4. Nc3 e6 5. Qa4+ c6 6. cxd5 exd5 7. Nxd5 Nxd5 8. Qxg4 Qd7 9. Qg3 Nb4 10. Qc3 Qf5 11. e4 Qg6 12. Kf1 c5 13. Ne2 Nd7 14. Nf4 Qg4 15. Ne2 Bd6 16. f3 Qh4 17. d4 c4 18. Qxc4 Nb6 19. Qb5+ Ke7 20. Bg5+ Qxg5 21. Qxg5+ f6 22. Qxg7+ Ke6 23. Bh3+ 1-0